[Event "CZE-chT2D 1718"]
[Site "Czech Republic"]
[Date "2017.11.05"]
[Round "2.1"]
[White "Mejzlik, Vojtech"]
[Black "Nemec, Pavel"]
[Result "1/2-1/2"]
[WhiteElo "2182"]
[BlackElo "2217"]
[PlyCount "120"]
[EventDate "2017.10.15"]
[EventType "team-tourn"]
[EventRounds "11"]
[EventCountry "CZE"]
[SourceTitle "EXT 2022"]
[Source "ChessBase"]
[SourceDate "2021.10.06"]
[SourceVersion "1"]
[SourceVersionDate "2021.10.06"]
[SourceQuality "1"]
[WhiteTeam "Namest nad Oslavou"]
[BlackTeam "Vysoke Myto"]
[WhiteTeamCountry "CZE"]
[BlackTeamCountry "CZE"]

1. c4 c5 2. Nc3 Nc6 3. g3 b6 4. Bg2 Bb7 5. e4 g6 6. Nge2 Bg7 7. d3 d6 8. f4 e6 9. Be3 Nf6 10. h3 0-0 11. Qd2 a6 12. 0-0 Ne8 13. f5 Nd4 14. fxe6 Nxe6 15. Nf4 N8c7 16. Ncd5 Nxd5 17. Nxd5 Bxd5 18. exd5 Nd4 19. Rae1 Nf5 20. Bf4 Qd7 21. Re4 Rae8 22. Rfe1 Rxe4 23. Rxe4 Rd8 24. b3 Bd4+ 25. Kh2 Ng7 26. Qe1 Re8 27. Bf3 f5 28. Rxe8+ Qxe8 29. Qd2 Qe7 30. a3 a5 31. b4 axb4 32. axb4 Ne8 33. bxc5 bxc5 34. Bd1 Nf6 35. Qa5 Be5 36. Bh6 Kf7 37. Kg2 Ng8 38. Bd2 Qf6 39. Qc7+ Qe7 40. Qxe7+ Kxe7 41. Kf3 Kf6 42. h4 h6 43. Ba4 g5 44. hxg5+ hxg5 45. g4 Nh6 46. gxf5 g4+ 47. Ke4 Nxf5 48. Bd7 Ng3+ 49. Ke3 Kg5 50. Kf2+ Kh4 51. Kg2 Nh5 52. Be8 Nf6 53. Bg6 Nd7 54. Be8 Nf8 55. Bf7 Nh7 56. Be8 Nf6 57. Bg6 Nh5 58. Be8 Ng3 59. Be1 Bf4 60. Bf2 Be5 1/2-1/2

[Event "CZE-chT2D 1617"]
[Site "Czech Republic"]
[Date "2016.12.11"]
[Round "5.2"]
[White "Bukacek, Lubomir"]
[Black "Mejzlik, Vojtech"]
[Result "1/2-1/2"]
[WhiteElo "2113"]
[BlackElo "2221"]
[PlyCount "48"]
[EventDate "2016.10.09"]
[EventType "team-tourn"]
[EventRounds "11"]
[EventCountry "CZE"]
[SourceTitle "EXT 2022"]
[Source "ChessBase"]
[SourceDate "2021.10.06"]
[SourceVersion "1"]
[SourceVersionDate "2021.10.06"]
[SourceQuality "1"]
[WhiteTeam "Zdar nad Sazavou"]
[BlackTeam "Dalesice Pivovar"]
[WhiteTeamCountry "CZE"]
[BlackTeamCountry "CZE"]

1. d4 Nf6 2. Bg5 g6 3. Bxf6 exf6 4. e3 Bg7 5. Be2 0-0 6. Bf3 d5 7. Ne2 c6 8. 0-0 Re8 9. Nd2 Nd7 10. c4 dxc4 11. Nxc4 Nf8 12. a4 Be6 13. Rc1 Bd5 14. Nf4 Bxf3 15. Qxf3 Ne6 16. Nxe6 fxe6 17. a5 a6 18. Rfd1 Qe7 19. Rc3 Rad8 20. e4 f5 21. e5 Rd5 22. Rb3 Bf8 23. Qc3 Rb8 24. h3 Qc7 1/2-1/2

[Event "CZE-chT2E 1516"]
[Site "Czech Republic"]
[Date "2016.01.24"]
[Round "6.2"]
[White "Mejzlik, Vojtech"]
[Black "Sevcik, Vladimir"]
[Result "1/2-1/2"]
[WhiteElo "2221"]
[BlackElo "2224"]
[PlyCount "33"]
[EventDate "2015.10.18"]
[EventType "team-tourn"]
[EventRounds "11"]
[EventCountry "CZE"]
[SourceTitle "EXT 2022"]
[Source "ChessBase"]
[SourceDate "2021.10.06"]
[SourceVersion "1"]
[SourceVersionDate "2021.10.06"]
[SourceQuality "1"]
[WhiteTeam "Jundrov Jezdci"]
[BlackTeam "Brno Duras II"]
[WhiteTeamCountry "CZE"]
[BlackTeamCountry "CZE"]

1. c4 Nf6 2. Nc3 e5 3. g3 d5 4. cxd5 Nxd5 5. Bg2 Nb6 6. Nf3 Nc6 7. d3 Be7 8. 0-0 0-0 9. Nd2 Nd4 10. Nf3 Nxf3+ 11. Bxf3 c6 12. b3 Bh3 13. Bg2 Bxg2 14. Kxg2 f5 15. f3 Bb4 16. Bb2 Qe7 17. Qc2 1/2-1/2

[Event "CZE-chT2C 1415"]
[Site "Czech Republic"]
[Date "2015.03.15"]
[Round "9.3"]
[White "Mejzlik, Vojtech"]
[Black "Vedral, Oldrich"]
[Result "1/2-1/2"]
[WhiteElo "2210"]
[BlackElo "2319"]
[PlyCount "90"]
[EventDate "2014.11.02"]
[EventType "team-tourn"]
[EventRounds "11"]
[EventCountry "CZE"]
[SourceTitle "EXT 2022"]
[Source "ChessBase"]
[SourceDate "2021.10.06"]
[SourceVersion "1"]
[SourceVersionDate "2021.10.06"]
[SourceQuality "1"]
[WhiteTeam "Dolni Kralovice"]
[BlackTeam "Praha Oaza"]
[WhiteTeamCountry "CZE"]
[BlackTeamCountry "CZE"]

1. e4 c5 2. c4 Nc6 3. Nc3 g6 4. g3 Bg7 5. Bg2 e6 6. Nge2 Nge7 7. d3 Nd4 8. Nxd4 cxd4 9. Ne2 0-0 10. 0-0 d6 11. Bg5 e5 12. b4 Be6 13. a4 a5 14. b5 b6 15. Bc1 Qd7 16. Qd2 f6 17. Kh1 Rf7 18. Ng1 Kh8 19. h3 Rg8 20. f3 Bf8 21. Qe2 h5 22. Rf2 Rh7 23. Bf1 g5 24. Rh2 f5 25. Ra2 f4 26. g4 Rg6 27. Qd1 Rgh6 28. Raf2 Ng6 29. Qe2 Be7 30. Bd2 Qc8 31. Be1 Nf8 32. Qd1 Nd7 33. Be2 Kg7 34. Qd2 Qh8 35. Bd1 Nc5 36. Bc2 Kf7 37. Rfg2 Nd7 38. Bd1 Qc8 39. Qf2 Qc5 40. Qa2 Nf8 41. Qb2 Qc8 42. Qa2 Nd7 43. Qe2 Nc5 44. Bc2 Qh8 45. Qd2 Bd8 1/2-1/2

[Event "CZE-chT1W 1415"]
[Site "Czech Republic"]
[Date "2015.03.01"]
[Round "9.5"]
[White "Mejzlik, Vojtech"]
[Black "Vokoun, Jan"]
[Result "1-0"]
[WhiteElo "2210"]
[BlackElo "2214"]
[PlyCount "87"]
[EventDate "2014.10.19"]
[EventType "team-tourn"]
[EventRounds "11"]
[EventCountry "CZE"]
[SourceTitle "EXT 2016"]
[Source "ChessBase"]
[SourceDate "2015.10.08"]
[SourceVersion "1"]
[SourceVersionDate "2015.10.08"]
[SourceQuality "1"]
[WhiteTeam "Vlasim"]
[BlackTeam "Praha Pankrac"]
[WhiteTeamCountry "CZE"]
[BlackTeamCountry "CZE"]

1. c4 e5 2. Nc3 Nc6 3. g3 Nge7 4. Bg2 g6 5. e3 Bg7 6. Nge2 h5 7. h4 d6 8. d4 0-0 9. d5 Nb8 10. e4 c6 11. Bg5 c5 12. Qd2 a6 13. a4 Nd7 14. b3 Nf6 15. 0-0 Nh7 16. Be3 f5 17. Rad1 fxe4 18. Nxe4 Nf5 19. Kh2 Rb8 20. N2c3 Bd7 21. Ra1 b5 22. axb5 axb5 23. Ra6 Bc8 24. Ra7 bxc4 25. bxc4 Qb6 26. Ra2 Bd7 27. Rb1 Qc7 28. Rab2 Nf6 29. Nxf6+ Bxf6 30. Ne4 Be7 31. Bg5 Rxb2 32. Qxb2 Bd8 33. Qb7 Bc8 34. Qc6 Kf7 35. Bh3 Qxc6 36. dxc6 Bxg5 37. hxg5 Ke7 38. Ra1 Be6 39. Ra7+ Kd8 40. Bxf5 Rxf5 41. Nxd6 Rxf2+ 42. Kg1 Rd2 43. c7+ Ke7 44. c8Q+ 1-0

[Event "CZE-chT1W 1415"]
[Site "Czech Republic"]
[Date "2015.02.15"]
[Round "8.5"]
[White "Richtrova, Eliska"]
[Black "Mejzlik, Vojtech"]
[Result "0-1"]
[WhiteElo "2239"]
[BlackElo "2210"]
[PlyCount "60"]
[EventDate "2014.10.19"]
[EventType "team-tourn"]
[EventRounds "11"]
[EventCountry "CZE"]
[SourceTitle "EXT 2016"]
[Source "ChessBase"]
[SourceDate "2015.10.08"]
[SourceVersion "1"]
[SourceVersionDate "2015.10.08"]
[SourceQuality "1"]
[WhiteTeam "Ceske Budejovice"]
[BlackTeam "Vlasim"]
[WhiteTeamCountry "CZE"]
[BlackTeamCountry "CZE"]

1. e4 c5 2. Nc3 g6 3. g3 Bg7 4. Bg2 e5 5. d3 Ne7 6. Be3 d6 7. Qd2 Nbc6 8. Bh6 Bxh6 9. Qxh6 Nd4 10. Rc1 Qb6 11. Nge2 Nxe2 12. Nxe2 Qxb2 13. Qg7 Rg8 14. Qf6 Be6 15. f4 Rd8 16. 0-0 Bxa2 17. Bh3 Rf8 18. Rf2 Nc6 19. c3 exf4 20. Rcf1 Ne5 21. d4 Nd3 22. e5 Nxf2 23. Rxf2 Qb1+ 24. Rf1 Qe4 25. Nxf4 dxe5 26. Ne6 Qe3+ 27. Rf2 Bxe6 28. Bxe6 exd4 29. Bc4 Kd7 30. Qh4 dxc3 0-1

[Event "CZE-chT2C 1415"]
[Site "Czech Republic"]
[Date "2014.11.16"]
[Round "2.2"]
[White "Mejzlik, Vojtech"]
[Black "Moravec, Michal"]
[Result "1/2-1/2"]
[WhiteElo "2210"]
[BlackElo "2266"]
[PlyCount "20"]
[EventDate "2014.11.02"]
[EventType "team-tourn"]
[EventRounds "11"]
[EventCountry "CZE"]
[SourceTitle "EXT 2022"]
[Source "ChessBase"]
[SourceDate "2021.10.06"]
[SourceVersion "1"]
[SourceVersionDate "2021.10.06"]
[SourceQuality "1"]
[WhiteTeam "Dolni Kralovice"]
[BlackTeam "Kolin"]
[WhiteTeamCountry "CZE"]
[BlackTeamCountry "CZE"]

1. c4 c5 2. Nc3 Nf6 3. e4 Nc6 4. g3 g6 5. Bg2 Bg7 6. Nge2 0-0 7. 0-0 d6 8. h3 Nd4 9. Nxd4 cxd4 10. Nd5 Nd7 1/2-1/2

[Event "CZE-chT rap"]
[Site "Pardubice"]
[Date "2014.07.11"]
[Round "2.5"]
[White "Mejzlik, Vojtech"]
[Black "Novotny, Michal"]
[Result "0-1"]
[WhiteElo "2210"]
[BlackElo "2354"]
[PlyCount "100"]
[EventDate "2014.07.10"]
[EventType "team-swiss"]
[EventRounds "7"]
[EventCountry "CZE"]
[SourceTitle "CBM 161 Extra"]
[Source "ChessBase"]
[SourceDate "2014.08.29"]
[SourceVersion "1"]
[SourceVersionDate "2014.08.29"]
[SourceQuality "1"]

1. c4 e6 2. Nc3 d5 3. d4 Nf6 4. Bg5 Nbd7 5. cxd5 exd5 6. Nf3 Bb4 7. e3 c5 8. a3 Bxc3+ 9. bxc3 Qa5 10. Qb3 Ne4 11. Rc1 c4 12. Qb2 Nb6 13. Bh4 Na4 14. Qb4 Qxb4 15. cxb4 a5 16. Nd2 b5 17. Nxe4 dxe4 18. Be2 axb4 19. axb4 Bb7 20. Kd2 Nb6 21. Ra1 Kd7 22. Bg4+ Kd6 23. Bg3+ Ke7 24. Bc7 Nd5 25. Rxa8 Rxa8 26. Ba5 Bc8 27. Be2 Ra6 28. f3 f5 29. Re1 Rg6 30. Bf1 Bb7 31. f4 Rh6 32. h3 g5 33. fxg5 Rh5 34. Ra1 Kd7 35. g4 Rxg5 36. Be2 f4 37. exf4 e3+ 38. Kd1 Nxf4 39. Ra3 Nxh3 40. Rxe3 Nf2+ 41. Ke1 Nxg4 42. Rh3 Nf6 43. Rh6 Rg6 44. Rh4 Be4 45. Bb6 Rg5 46. Bc5 Bg6 47. Rh3 Ne4 48. d5 Nxc5 49. bxc5 Rxd5 50. Bg4+ Kc7 0-1

[Event "CZE-chT2C 1314"]
[Site "Czech Republic"]
[Date "2014.04.06"]
[Round "11.8"]
[White "Krbusik, Marian"]
[Black "Mejzlik, Vojtech"]
[Result "0-1"]
[WhiteElo "1967"]
[BlackElo "2119"]
[PlyCount "120"]
[EventDate "2013.11.03"]
[EventType "team-tourn"]
[EventRounds "11"]
[EventCountry "CZE"]
[SourceTitle "EXT 2015"]
[Source "ChessBase"]
[SourceDate "2014.11.20"]
[SourceVersion "1"]
[SourceVersionDate "2014.11.20"]
[SourceQuality "1"]
[WhiteTeam "Tabor"]
[BlackTeam "Vlasim"]
[WhiteTeamCountry "CZE"]
[BlackTeamCountry "CZE"]

1. e4 c5 2. Nf3 Nc6 3. d4 cxd4 4. Nxd4 Nf6 5. Nc3 e5 6. Nxc6 bxc6 7. Bc4 Bb4 8. Qf3 d5 9. exd5 cxd5 10. Bb5+ Bd7 11. Bxd7+ Qxd7 12. 0-0 0-0 13. Ne2 Rac8 14. c3 Bd6 15. Ng3 e4 16. Qe2 Ng4 17. h3 Ne5 18. Be3 f5 19. Qd2 Nd3 20. f4 a5 21. Ne2 Rb8 22. b3 Rfc8 23. Bd4 Bc5 24. Bxc5 Rxc5 25. Nc1 Nxc1 26. Raxc1 Rbc8 27. Rfd1 Qc6 28. Qd4 Qf6 29. Qxf6 gxf6 30. Kf2 Kf7 31. Rd4 Rxc3 32. Rxc3 Rxc3 33. Rxd5 a4 34. bxa4 Ke6 35. Rb5 Ra3 36. Rb6+ Kf7 37. Rb7+ Kg6 38. Rb2 Rxa4 39. Rc2 Ra3 40. Rb2 h6 41. Rc2 Kf7 42. Rc7+ Ke6 43. Rc6+ Ke7 44. Rc7+ Kd6 45. Rc2 Kd5 46. Rb2 Kc4 47. Rc2+ Kd4 48. Rb2 h5 49. Rb4+ Kc3 50. Rb5 Kd2 51. Rb2+ Kc1 52. Re2 Kb1 53. Re1+ Kxa2 54. Rd1 Kb3 55. Rd5 Kc3 56. Rxf5 Kd2 57. Rd5+ Rd3 58. Ra5 e3+ 59. Kg1 e2 60. Ra2+ Ke3 0-1

[Event "CZE-chT2C 1314"]
[Site "Czech Republic"]
[Date "2014.03.02"]
[Round "9.7"]
[White "Mejzlik, Vojtech"]
[Black "Hron, Robert"]
[Result "1-0"]
[WhiteElo "2119"]
[BlackElo "2115"]
[PlyCount "125"]
[EventDate "2013.11.03"]
[EventType "team-tourn"]
[EventRounds "11"]
[EventCountry "CZE"]
[SourceTitle "EXT 2015"]
[Source "ChessBase"]
[SourceDate "2014.11.20"]
[SourceVersion "1"]
[SourceVersionDate "2014.11.20"]
[SourceQuality "1"]
[WhiteTeam "Vlasim"]
[BlackTeam "Jihlava Gordic"]
[WhiteTeamCountry "CZE"]
[BlackTeamCountry "CZE"]

1. c4 e6 2. Nc3 Bb4 3. e4 c5 4. g3 Nc6 5. Bg2 Nf6 6. Nge2 0-0 7. 0-0 a6 8. a3 Bxc3 9. Nxc3 d6 10. d3 Rb8 11. f4 Qc7 12. g4 Nd4 13. g5 Ne8 14. Ne2 Nxe2+ 15. Qxe2 f6 16. Bd2 Bd7 17. Qh5 Bc6 18. Bh3 Qf7 19. Qg4 f5 20. Qe2 Nc7 21. Rae1 Rbe8 22. b4 b6 23. Bc3 d5 24. cxd5 exd5 25. e5 d4 26. Bd2 Qd5 27. Bg2 Qxg2+ 28. Qxg2 Bxg2 29. Kxg2 Ne6 30. Rb1 Rb8 31. Kf3 Kf7 32. Rb2 Rfc8 33. Rc1 cxb4 34. Rxb4 Rxc1 35. Bxc1 b5 36. a4 Nc5 37. Rxd4 Nxa4 38. Rd7+ Kf8 39. Rd6 Rb6 40. Rxb6 Nxb6 41. Ke3 Ke7 42. Kd4 Na4 43. Kd5 Kd7 44. e6+ Ke7 45. Ba3+ Ke8 46. Kc6 Nc3 47. d4 Ne2 48. d5 Nxf4 49. Bc1 Nd3 50. d6 Nb4+ 51. Kc7 Nd5+ 52. Kc8 Nb6+ 53. Kb7 Nc4 54. Bf4 Nxd6+ 55. Bxd6 a5 56. Kb6 b4 57. Kb5 b3 58. Ba3 f4 59. Kc4 f3 60. Kd3 g6 61. Ke3 b2 62. Bxb2 Ke7 63. Kxf3 1-0

[Event "CZE-chT2C 1314"]
[Site "Czech Republic"]
[Date "2014.01.05"]
[Round "5.7"]
[White "Soukal, Rudolf"]
[Black "Mejzlik, Vojtech"]
[Result "1/2-1/2"]
[WhiteElo "2037"]
[BlackElo "2119"]
[PlyCount "142"]
[EventDate "2013.11.03"]
[EventType "team-tourn"]
[EventRounds "11"]
[EventCountry "CZE"]
[SourceTitle "EXT 2015"]
[Source "ChessBase"]
[SourceDate "2014.11.20"]
[SourceVersion "1"]
[SourceVersionDate "2014.11.20"]
[SourceQuality "1"]
[WhiteTeam "Praha Dukla"]
[BlackTeam "Vlasim"]
[WhiteTeamCountry "CZE"]
[BlackTeamCountry "CZE"]

1. d4 Nf6 2. Nf3 e6 3. c4 b6 4. e3 Bb7 5. Bd3 Be7 6. 0-0 0-0 7. Qe2 Ne4 8. Nfd2 f5 9. f3 Nf6 10. b3 c5 11. Bb2 Nc6 12. a3 Qc7 13. Kh1 Bd6 14. g3 Nh5 15. d5 exd5 16. Nc3 Rae8 17. Nxd5 Qb8 18. f4 Nf6 19. Bxf6 gxf6 20. Bxf5 Ne7 21. Qg4+ Kh8 22. e4 Nxf5 23. Qxf5 Re6 24. a4 Qe8 25. Rae1 Qf7 26. Nf3 Qg6 27. Qxg6 hxg6 28. f5 gxf5 29. exf5 Rxe1 30. Rxe1 Kg7 31. Kg2 Kf7 32. g4 b5 33. Rd1 bxc4 34. bxc4 Bxd5 35. Rxd5 Ke7 36. h4 Rb8 37. g5 fxg5 38. hxg5 Rb2+ 39. Kh3 Rb3 40. Kg4 Re3 41. Nh4 Rg3+ 42. Kh5 Rh3 43. f6+ Ke6 44. f7 Bf8 45. Rd2 Kxf7 46. Kg4 Rc3 47. Rf2+ Kg8 48. Rf4 Bd6 49. Re4 Rg3+ 50. Kh5 Kf7 51. Nf5 Rh3+ 52. Kg4 Rd3 53. Re1 Bf8 54. Rf1 Kg8 55. Kh5 d5 56. cxd5 Rxd5 57. Kg6 c4 58. Rc1 Rc5 59. Nd4 c3 60. Rc2 a5 61. Ne6 Rc6 62. Kf5 Bb4 63. Nd4 Rc5+ 64. Ke4 Rxg5 65. Ne2 Rg2 66. Kd3 Kf7 67. Nxc3 Rg3+ 68. Kc4 Rg4+ 69. Kb5 Rg5+ 70. Kc4 Rc5+ 71. Kb3 Rxc3+ 1/2-1/2

[Event "Ricany op"]
[Site "Ricany"]
[Date "2013.08.30"]
[Round "8"]
[White "Postupa, Martin"]
[Black "Mejzlik, Vojtech"]
[Result "0-1"]
[WhiteElo "2054"]
[BlackElo "2106"]
[PlyCount "74"]
[EventDate "2013.08.24"]
[EventType "swiss"]
[EventRounds "9"]
[EventCountry "CZE"]
[SourceTitle "EXT 2022"]
[Source "ChessBase"]
[SourceDate "2021.10.06"]
[SourceVersion "1"]
[SourceVersionDate "2021.10.06"]
[SourceQuality "1"]

1. e4 c5 2. Nc3 Nc6 3. g3 g6 4. Bg2 Bg7 5. d3 e5 6. Nh3 Nge7 7. 0-0 0-0 8. f4 d6 9. f5 f6 10. fxg6 hxg6 11. Be3 Be6 12. Qd2 Qd7 13. Nf2 Rf7 14. Nd5 Raf8 15. Nd1 b5 16. Bh6 Bxd5 17. exd5 Bxh6 18. Qxh6 Nb4 19. Nc3 Nxc2 20. Rac1 Nd4 21. Bh3 f5 22. Kg2 Rh7 23. Qg5 Rh5 24. Qd2 b4 25. Ne4 Nxd5 26. Rf2 Rxh3 27. Kxh3 fxe4+ 28. Kg2 Rxf2+ 29. Qxf2 e3 30. Qf1 Qf5 31. Re1 e4 32. dxe4 Qxe4+ 33. Kh3 Nf3 34. g4 Nxe1 35. Qxe1 Qf3+ 36. Kh4 Qf2+ 37. Qxf2 exf2 0-1

[Event "Litomysl op 14th"]
[Site "Litomysl"]
[Date "2012.12.29"]
[Round "4"]
[White "Lys, Josef"]
[Black "Mejzlik, Vojtech"]
[Result "0-1"]
[WhiteElo "2158"]
[BlackElo "2052"]
[PlyCount "144"]
[EventDate "2012.12.26"]
[EventType "swiss"]
[EventRounds "9"]
[EventCountry "CZE"]
[SourceTitle "EXT 2014"]
[Source "ChessBase"]
[SourceDate "2013.11.20"]
[SourceVersion "1"]
[SourceVersionDate "2013.11.20"]
[SourceQuality "1"]

1. d4 f5 2. c4 Nf6 3. g3 e6 4. Bg2 d5 5. Nf3 c6 6. 0-0 Bd6 7. Bf4 0-0 8. Nc3 dxc4 9. a4 Bxf4 10. gxf4 Nd5 11. e3 b6 12. Ne5 Ba6 13. Kh1 Qc7 14. Rg1 Nd7 15. Bf3 Nxe5 16. fxe5 Bb7 17. Rc1 Qe7 18. Qf1 Qb4 19. Nd1 b5 20. axb5 cxb5 21. Qg2 Qe7 22. Nc3 Nxc3 23. Bxb7 Rab8 24. Bf3 Na4 25. Rc2 Kh8 26. e4 g6 27. Qh3 Rg8 28. Re2 c3 29. b3 Nb6 30. d5 fxe4 31. d6 Qf7 32. Bxe4 b4 33. Re3 Nd7 34. Rf3 Qe8 35. Qh4 Qd8 36. Qg3 Rb5 37. Bc6 Rc5 38. Bxd7 Qxd7 39. Rf6 Qc6+ 40. f3 c2 41. Rc1 Qd5 42. Qf4 Qd1+ 43. Kg2 Qe2+ 44. Kg3 g5 45. Qe4 Rxe5 46. Qxc2 Qxc2 47. Rxc2 Kg7 48. d7 Kxf6 49. Rc8 Rd5 50. Rxg8 Rxd7 51. Rb8 a5 52. Ra8 Rd5 53. Kg4 Rd4+ 54. Kg3 h5 55. Rxa5 Rd3 56. Kg2 Rxb3 57. h4 g4 58. fxg4 hxg4 59. Rb5 e5 60. h5 Kf5 61. h6 Rh3 62. Rb6 b3 63. Kg1 Kf4 64. h7 Rxh7 65. Rxb3 Ra7 66. Rb2 Ra3 67. Rf2+ Rf3 68. Rb2 e4 69. Ra2 Rd3 70. Ra4 Rd2 71. Ra1 Re2 72. Kf1 Kf3 0-1

[Event "Litomysl op 14th"]
[Site "Litomysl"]
[Date "2012.12.27"]
[Round "2"]
[White "Mejzlik, Ondrej"]
[Black "Mejzlik, Vojtech"]
[Result "1-0"]
[WhiteElo "2233"]
[BlackElo "2052"]
[PlyCount "71"]
[EventDate "2012.12.26"]
[EventType "swiss"]
[EventRounds "9"]
[EventCountry "CZE"]
[SourceTitle "EXT 2014"]
[Source "ChessBase"]
[SourceDate "2013.11.20"]
[SourceVersion "1"]
[SourceVersionDate "2013.11.20"]
[SourceQuality "1"]

1. c4 c5 2. Nc3 Nc6 3. g3 g6 4. Bg2 Bg7 5. e4 e5 6. Nge2 Nge7 7. 0-0 0-0 8. d3 d6 9. f4 f5 10. fxe5 dxe5 11. Bg5 h6 12. Bxe7 Qxe7 13. Nd5 Qd6 14. Qd2 Be6 15. Nec3 Nd4 16. Rf2 Rf7 17. Raf1 Raf8 18. Kh1 Kh7 19. exf5 gxf5 20. Qd1 b6 21. Qh5 Bd7 22. Ne4 Qg6 23. Qxg6+ Kxg6 24. Nd6 h5 25. Nxf7 Rxf7 26. a3 b5 27. b4 Bf8 28. Re1 bxc4 29. dxc4 e4 30. Ref1 e3 31. Nxe3 cxb4 32. Rd2 Nb3 33. Rb2 Ba4 34. axb4 Bxb4 35. Bd5 Rf6 36. Rfb1 1-0

[Event "CZE-chT2c 0607"]
[Site "Czech Republic"]
[Date "2007.01.14"]
[Round "6.3"]
[White "Mejzlik, Vojtech"]
[Black "Stastny, Jan"]
[Result "1/2-1/2"]
[WhiteElo "2107"]
[BlackElo "2235"]
[PlyCount "69"]
[EventDate "2006.10.15"]
[EventType "team-tourn"]
[EventRounds "11"]
[EventCountry "CZE"]
[SourceTitle "EXT 2008"]
[Source "ChessBase"]
[SourceDate "2007.11.25"]
[SourceVersion "1"]
[SourceVersionDate "2007.11.25"]
[SourceQuality "1"]
[WhiteTeam "Vlasim"]
[BlackTeam "Polabiny II"]
[WhiteTeamCountry "CZE"]
[BlackTeamCountry "CZE"]

1. c4 e5 2. Nc3 Nf6 3. e4 Bc5 4. d3 d6 5. h3 Nc6 6. Nf3 h6 7. Be2 Be6 8. a3 a5 9. Rb1 0-0 10. 0-0 Nd4 11. Nxd4 Bxd4 12. Kh2 c6 13. f4 exf4 14. Bxf4 d5 15. cxd5 cxd5 16. Bf3 dxe4 17. dxe4 Qb6 18. e5 Nd7 19. Na4 Qa7 20. Qe2 Rac8 21. Rbc1 Qb8 22. g3 g5 23. Qe4 Bxe5 24. Bxe5 Nxe5 25. Nc5 Nxf3+ 26. Rxf3 Qd6 27. Rd3 Qc6 28. Qe5 f6 29. Qxe6+ Qxe6 30. Nxe6 Rxc1 31. Nxf8 Kxf8 32. Rb3 Rc7 33. Kg2 Ke7 34. Kf3 h5 35. Rb6 1/2-1/2

[Event "CZE-chT2c 0607"]
[Site "Czech Republic"]
[Date "2006.11.05"]
[Round "2.3"]
[White "Vodicka, Vlastimil"]
[Black "Mejzlik, Vojtech"]
[Result "1-0"]
[WhiteElo "2216"]
[BlackElo "2107"]
[PlyCount "61"]
[EventDate "2006.10.15"]
[EventType "team-tourn"]
[EventRounds "11"]
[EventCountry "CZE"]
[SourceTitle "EXT 2008"]
[Source "ChessBase"]
[SourceDate "2007.11.25"]
[SourceVersion "1"]
[SourceVersionDate "2007.11.25"]
[SourceQuality "1"]
[WhiteTeam "Mlada Boleslav"]
[BlackTeam "Vlasim"]
[WhiteTeamCountry "CZE"]
[BlackTeamCountry "CZE"]

1. d4 f5 2. Nf3 Nf6 3. c4 e6 4. Qc2 d5 5. Bf4 c6 6. e3 Be7 7. Nbd2 0-0 8. Be2 Ne4 9. 0-0 Nd7 10. Ne5 g5 11. Nxd7 Bxd7 12. Be5 Be8 13. f3 Nf6 14. c5 Nd7 15. f4 Nxe5 16. dxe5 b5 17. b4 a5 18. a3 a4 19. Rad1 Qc7 20. Nf3 g4 21. Nd4 Qd7 22. Kf2 Rf7 23. Rh1 Rg7 24. g3 Rb8 25. h3 h5 26. hxg4 hxg4 27. Rh6 Bf7 28. Rdh1 Kf8 29. Bd3 Bg8 30. Bxf5 exf5 31. e6 1-0